000 01116nam a2200313 4500
001 0000021887
003 CO-CtgCURN
005 20250828213537.0
007 ta
008 160627s2009 000 0 eng d
020 _a9789587099423
040 _aCO-CtgCURN
_bspa
_ccoctgcurn
082 0 _a346.015
_bN228a
100 1 _aNavas Talero, German.
245 1 3 _aEl abogado de la mujer y la familia /
_cGerman Navas Talero, German Navas Navas.
260 _aBogotá :
_bIntermedio,
_c2009.
300 _a352 p.
336 _2rdacontent
337 _2rdamedia
_asin mediacion
_bn
338 _2rdacarrier
_avolumen
_bnc
490 1 _aConsultorio juridico en casa
505 8 _aLa mujer y el derecho de familia.--La mujer y el derecho laboral.--La mujer y el derecho penal.--La mujer y la Administración publica
650 1 4 _aDerecho de familia
_zColombia.
700 1 _aNavas Navas, German.
908 _a160627
942 _cBK
_h346.015
_iN228a
_2ddc
999 _c50016
_d50016